000 00321nam a22001337a 4500
003 PILC
005 20160104123610.0
008 160104b xxu||||| |||| 00| 0 eng d
020 _a09615719OX
050 _aHQ 1101
_b.K35 1985
100 _aKennedy, Jan.
245 _aThe venus factor /
_cJan Kennedy.
942 _2lcc
_cBK
999 _c289030
_d289030